000 00667nam a2200229Ia 4500
003 OSt
005 20220918182056.0
006 a|||||r|||| 00| 0
007 ta
008 220917b |||||||| |||| 00| 0 eng d
024 _a30,495
037 _cTextual
040 _aARTS
_cARTS
_beng
041 _2eng
_aeng
082 _aO111,3M50,V, J6 (EO)
100 _aStevenson Robert Louis
_925426
245 0 _aInland voyage
_b travels with a donkey, the Amateur emigrant
260 _aLondon
_bCollins
_c1963
650 _aENGLISH LITERATURE
942 _hO111,3M50,V, J6 (EO)
_cTEXL
_2CC
999 _c167803
_d167803